000 00736nam a22002057a 4500
003 OSt
008 260624b |||||||| |||| 00| 0 eng d
020 _a9781440871429
082 _a362.8292
_bS16F
245 _aFamily Violence and Abuse:
_bAn Encyclopedia of Trends, Issues, and Solutions
_cEdited by- Salari, Sonia
260 _aNew York
_bBloomsbury Publising
_c2024
300 _ax. 398 p.
500 _aVolume-02 (Alphabatic- M to Z)
650 _aFamily violence Encyclopedias.
650 _aDomestic relations $v Encyclopedias.
650 _aIntimate partner violence $v Encyclopedias
650 _ahild abuse $v Encyclopedias.
650 _aVictims of family violence $x Services for $v Encyclopedias.
942 _2ddc
_cBK
999 _c52265
_d52265